Horacianas de Mitre: Publicación facsimil de los originales
Salvato in:
| Autore principale: | |
|---|---|
| Natura: | Libro |
| Lingua: | spagnolo |
| Pubblicazione: |
Buenos Aires
Institución Mitre
1943
|
| Soggetti: | |
| Tags: |
Aggiungi Tag
Nessun Tag, puoi essere il primo ad aggiungerne!!
|
MARC
| LEADER | 00000nam a2200000 a 4500 | ||
|---|---|---|---|
| 001 | UCH9837 | ||
| 003 | CL-VaPUC | ||
| 008 | 100121e19430000AG |||||||||||||||||spa|d | ||
| 082 | 0 | 4 | |a 180 |b LEV |2 21 |
| 100 | 0 | |a Levene, Ricardo |e author |9 515845 | |
| 245 | 1 | 0 | |a Horacianas de Mitre: Publicación facsimil de los originales |
| 300 | |a 588 p | ||
| 942 | |c BK | ||
| 945 | |d 20100121 00:00:00 |a dcastane | ||
| 260 | |a Buenos Aires |b Institución Mitre |c 1943 | ||
| 600 | 0 | |a Horacio |9 267078 | |
| 600 | 0 | |a HORACIO FLACO, QUINTO |9 558616 | |
| 650 | 0 | |a Filosofía romana |9 344946 | |
| 650 | 0 | |a Ensayos latinos |9 348249 | |
| 650 | 7 | |a FACSIMILES |2 CL-VaPUC |9 460925 | |
| 650 | 7 | |a LIBROS RAROS |2 CL-VaPUC |9 321878 | |
| 583 | |a last modification |c 20180226 01:48:14 |k Rodrigo Vera | ||
| 999 | |c 339724 |d 339722 | ||
| 952 | |0 0 |1 0 |4 0 |6 180_000000000000000_LEV_1943 |7 0 |8 A |9 433528 |a FDOPOS |b FDOPOS |d 2019-11-22 |i 4637291 |o 180 LEV 1943 |p 4637291 |r 2025-01-22 |w 2019-11-22 |y BK |k MLH | ||